Automobile Engineering/ (Record no. 199399)

MARC details
000 -LEADER
fixed length control field 00639nam a22001937a 4500
005 - DATE AND TIME OF LATEST TRANSACTION
control field 20231201170841.0
010 ## - LCCN (DPL NO)
LC control number ENG-138546
020 ## - INTERNATIONAL STANDARD BOOK NUMBER
International Standard Book Number 9789383450183
Terms of availability 450.00
035 ## - SYSTEM CONTROL NUMBER
System control number EN-122078
037 ## - SOURCE OF ACQUISITION
Stock number DBAD/PUB
082 ## - DEWEY DECIMAL CLASSIFICATION NUMBER
Classification number 629.222
Edition number 1
100 ## - MAIN ENTRY--PERSONAL NAME
Personal name Sharma, Abhishek
245 ## - TITLE STATEMENT
Title Automobile Engineering/
Remainder of title By Abhishek Sharma
250 ## - EDITION STATEMENT
Edition statement 1
260 ## - PUBLICATION, DISTRIBUTION, ETC. (IMPRINT)
Place of publication, distribution, etc Noida
Name of publisher, distributor, etc VPS Engineering Impex Pvt Ltd
Date of publication, distribution, etc 2016
270 ## - ADDRESS
Address A-8 Hosiery Complex, Phase II Extension
City Uttar Pradesh
Postal code 201305
Electronic mail address vps_8hc@yahoo.co.in
Telephone number 0120-4317109
-- 01204253470
Fax number 01204253478
300 ## - PHYSICAL DESCRIPTION
Extent 154p.
Dimensions 23cm(pbk)
942 ## - ADDED ENTRY ELEMENTS (KOHA)
Source of classification or shelving scheme Dewey Decimal Classification
Item type English Books
Classification part 629.222
Call number suffix SHA
Holdings
Withdrawn status Lost status Not for loan Collection code Home library Current library Date acquired Source of acquisition Cost, normal purchase price Full call number Barcode Copy number Cost, replacement price Koha item type
      Non-fiction Vinoba Puri Vinoba Puri 01/12/2023 DBAD/PUB 450.00 629.222 SHA EN-122078 1 450.00 English Books

© Delhi Public Library
Hit Counter
free hit counter